[Event "MVP-ch Seniors op 18th"]
[Site "Ostseebad Binz"]
[Date "2018.12.05"]
[Round "8"]
[White "Nuenchert, Eveline"]
[Black "Ophoff, Rigobert"]
[Result "1/2-1/2"]
[WhiteElo "1998"]
[BlackElo "1884"]
[PlyCount "24"]
[EventDate "2018.11.28"]
[EventType "swiss"]
[EventRounds "9"]
[EventCountry "GER"]
[SourceTitle "CBM 188 Extra"]
[Source "ChessBase"]
[SourceDate "2019.02.26"]
[SourceVersion "1"]
[SourceVersionDate "2019.02.26"]
[SourceQuality "1"]

1. e4 c5 2. Nf3 d6 3. d3 Nc6 4. c3 g6 5. Nbd2 Bg7 6. g3 e5 7. Bg2 Nge7 8. 0-0 0-0 9. Re1 h6 10. Qe2 Be6 11. Nf1 Qd7 12. Ne3 Rad8 1/2-1/2

[Event "EU-chT Seniors 50"]
[Site "Walbrzych"]
[Date "2018.04.17"]
[Round "4.4"]
[White "Van de Wynkele, Herman"]
[Black "Nuenchert, Eveline"]
[Result "1-0"]
[WhiteElo "2048"]
[BlackElo "2033"]
[PlyCount "79"]
[EventDate "2018.04.14"]
[EventType "team-swiss"]
[EventRounds "9"]
[EventCountry "POL"]
[SourceTitle "CBM 184 Extra"]
[Source "ChessBase"]
[SourceDate "2018.06.28"]
[SourceVersion "1"]
[SourceVersionDate "2018.06.28"]
[SourceQuality "1"]
[WhiteTeam "Belgium VSF 50"]
[BlackTeam "Germany (Women) 50"]
[WhiteTeamCountry "BEL"]
[BlackTeamCountry "GER"]

1. e4 c5 2. Nf3 e6 3. d4 cxd4 4. Nxd4 a6 5. c4 Nf6 6. Nc3 Qc7 7. Bd3 Be7 8. 0-0 d6 9. Be3 0-0 10. Rc1 Nc6 11. Qe2 Nxd4 12. Bxd4 e5 13. Be3 Bd7 14. h3 Bc6 15. b4 Qd8 16. a4 b6 17. Qc2 Rc8 18. Rfd1 Bb7 19. Qb1 Nd7 20. a5 Bg5 21. Bxg5 Qxg5 22. axb6 f5 23. Nd5 Bxd5 24. cxd5 Nxb6 25. Bxa6 Rxc1 26. Qxc1 Qh5 27. Rf1 Qe8 28. Qc6 Qb8 29. exf5 Rxf5 30. Rc1 Rf7 31. Qb5 Qa7 32. Rc6 Nd7 33. Qe2 g6 34. Bc8 Qb8 35. Bxd7 Rxd7 36. Qg4 Qe8 37. b5 Kg7 38. b6 Rf7 39. Rc7 Qb5 40. Qe6 1-0

[Event "BL2 Ost 1617 (Women)"]
[Site "Germany"]
[Date "2017.01.22"]
[Round "4.3"]
[White "Richter, Ulrike"]
[Black "Nuenchert, Eveline"]
[Result "0-1"]
[WhiteElo "1852"]
[BlackElo "2057"]
[PlyCount "76"]
[EventDate "2016.10.22"]
[EventType "team-tourn"]
[EventRounds "7"]
[EventCountry "GER"]
[SourceTitle "EXT 2018"]
[Source "ChessBase"]
[SourceDate "2017.10.13"]
[SourceVersion "1"]
[SourceVersionDate "2017.10.13"]
[SourceQuality "1"]
[WhiteTeam "Coswig (W)"]
[BlackTeam "Potsdam USV (W)"]
[WhiteTeamCountry "GER"]
[BlackTeamCountry "GER"]

1. c4 e5 2. Nc3 Nf6 3. g3 d5 4. cxd5 Nxd5 5. Bg2 Nb6 6. d3 Be7 7. Nf3 Nc6 8. a3 0-0 9. 0-0 Re8 10. b4 Nd4 11. Bb2 Bf8 12. Rc1 c6 13. e3 Nxf3+ 14. Bxf3 Bf5 15. Be4 Qd7 16. Bxf5 Qxf5 17. Qe2 Rad8 18. Ne4 Rd7 19. f4 exf4 20. Rxf4 Qd5 21. Qg4 Rxe4 22. dxe4 Qd2 23. Rf2 Qxe3 24. Qf3 Qxf3 25. Rxf3 f6 26. Rc2 Rd1+ 27. Kf2 Rh1 28. Ke3 Re1+ 29. Kf4 Bd6+ 30. Kf5 Kf7 31. Kg4 Rxe4+ 32. Kh3 Nd5 33. Rcf2 h5 34. Bc1 Be5 35. Rd3 Ke6 36. Bb2 Bc7 37. Rdd2 Re3 38. Rde2 Nf4+ 0-1

[Event "MVP-ch Seniors op 16th"]
[Site "Binz"]
[Date "2016.11.28"]
[Round "6.20"]
[White "Willin, Bernhard"]
[Black "Nuenchert, Eveline"]
[Result "1/2-1/2"]
[WhiteElo "1947"]
[BlackElo "2086"]
[PlyCount "43"]
[EventDate "2016.11.23"]
[EventType "swiss"]
[EventRounds "9"]
[EventCountry "GER"]
[SourceTitle "EXT 2018"]
[Source "ChessBase"]
[SourceDate "2017.10.13"]
[SourceVersion "1"]
[SourceVersionDate "2017.10.13"]
[SourceQuality "1"]

1. Nf3 d6 2. c4 e5 3. Nc3 Nf6 4. g3 Nbd7 5. Bg2 c6 6. d3 Be7 7. 0-0 Qc7 8. b4 0-0 9. Qb3 Re8 10. Ne1 Nf8 11. Nc2 Be6 12. a4 Rac8 13. e4 a6 14. a5 d5 15. Ba3 Red8 16. Na4 dxc4 17. dxc4 N6d7 18. Ne3 b5 19. axb6 Nxb6 20. Rfd1 Nfd7 21. Nb2 Rb8 22. Qc3 1/2-1/2

[Event "BL2 Ost 1617 (Women)"]
[Site "Germany"]
[Date "2016.10.23"]
[Round "2.3"]
[White "Nuenchert, Eveline"]
[Black "Schrader, Elanor"]
[Result "1/2-1/2"]
[WhiteElo "2057"]
[BlackElo "1802"]
[PlyCount "35"]
[EventDate "2016.10.22"]
[EventType "team-tourn"]
[EventRounds "7"]
[EventCountry "GER"]
[SourceTitle "EXT 2018"]
[Source "ChessBase"]
[SourceDate "2017.10.13"]
[SourceVersion "1"]
[SourceVersionDate "2017.10.13"]
[SourceQuality "1"]
[WhiteTeam "Potsdam USV (W)"]
[BlackTeam "Paderborn (W)"]
[WhiteTeamCountry "GER"]
[BlackTeamCountry "GER"]

1. e4 c5 2. Nf3 Nc6 3. d4 cxd4 4. Nxd4 g6 5. Nc3 Bg7 6. Be3 Nf6 7. Be2 0-0 8. 0-0 d5 9. exd5 Nxd5 10. Nxd5 Nxd4 11. Bxd4 Qxd5 12. Bxg7 Qxd1 13. Rfxd1 Kxg7 14. Rd2 Bf5 15. Rad1 Rac8 16. c4 Rc7 17. b3 Rfc8 18. h3 1/2-1/2

[Event "Miedzyzdroje OB Seniors 24th"]
[Site "Miedzyzdroje"]
[Date "2016.06.19"]
[Round "3"]
[White "Nuenchert, Eveline"]
[Black "Piankov, Evgenij"]
[Result "1/2-1/2"]
[WhiteElo "2063"]
[BlackElo "2271"]
[PlyCount "59"]
[EventDate "2016.06.17"]
[EventType "swiss"]
[EventRounds "9"]
[EventCountry "POL"]
[SourceTitle "EXT 2019"]
[Source "ChessBase"]
[SourceDate "2018.10.10"]
[SourceVersion "1"]
[SourceVersionDate "2018.10.10"]
[SourceQuality "1"]

1. e4 c6 2. d4 d5 3. Nc3 g6 4. h3 Bg7 5. Nf3 Nf6 6. e5 Ne4 7. Bd3 Nxc3 8. bxc3 0-0 9. 0-0 c5 10. Re1 Nc6 11. Bf4 Qa5 12. Qd2 Bd7 13. Rab1 b6 14. Rb2 e6 15. Reb1 cxd4 16. cxd4 Qxd2 17. Bxd2 f6 18. Bb5 Rac8 19. Bb4 Rf7 20. Bd6 h6 21. Re1 f5 22. Ba6 Rd8 23. c4 dxc4 24. Bxc4 Na5 25. Be2 Bc6 26. Rc1 Bf8 27. Bxf8 Kxf8 28. Rbc2 Rc7 29. Rd1 Ke7 30. Kf1 1/2-1/2

[Event "BL2 Ost 1516 (Women)"]
[Site "Germany"]
[Date "2016.02.28"]
[Round "7.4"]
[White "Nuenchert, Eveline"]
[Black "Neumeyer, Hannelore"]
[Result "1-0"]
[WhiteElo "2054"]
[BlackElo "1983"]
[PlyCount "139"]
[EventDate "2015.09.26"]
[EventType "team-tourn"]
[EventRounds "7"]
[EventCountry "GER"]
[SourceTitle "EXT 2017"]
[Source "ChessBase"]
[SourceDate "2016.10.25"]
[SourceVersion "1"]
[SourceVersionDate "2016.10.25"]
[SourceQuality "1"]
[WhiteTeam "Potsdam (W)"]
[BlackTeam "Leipzig Lindenau (W)"]
[WhiteTeamCountry "GER"]
[BlackTeamCountry "GER"]

1. e4 e5 2. Nf3 f5 3. d3 d6 4. Nc3 Nf6 5. Bg5 Be7 6. Qd2 c6 7. 0-0-0 0-0 8. Be2 b5 9. Bxf6 Bxf6 10. exf5 Bxf5 11. Ne4 Be7 12. Kb1 Nd7 13. h4 Bxe4 14. dxe4 Nf6 15. Ng5 Qc8 16. Qc3 a5 17. Qb3+ Kh8 18. Nf7+ Rxf7 19. Qxf7 Qb7 20. f3 a4 21. g4 Qd7 22. a3 Rf8 23. Qa2 c5 24. g5 Nh5 25. Rhg1 Nf4 26. Bf1 b4 27. axb4 cxb4 28. Qc4 b3 29. cxb3 axb3 30. Qxb3 Ra8 31. Bc4 Qa7 32. Rgf1 Rb8 33. Qa2 Qb6 34. Rc1 Qb4 35. Rfd1 g6 36. Ka1 Bd8 37. Rc3 Bc7 38. Rb3 Qc5 39. Rxb8+ Bxb8 40. Qb3 Qc7 41. Bf1 Kg7 42. Kb1 Ba7 43. Rc1 Bc5 44. Qb5 Ne6 45. Qe8 Qf7 46. Qc8 Nf8 47. Bc4 Qd7 48. Qxd7+ Nxd7 49. Be6 Nf8 50. Bd5 h6 51. b4 Be3 52. Rc7+ Kh8 53. gxh6 Bxh6 54. b5 Be3 55. Rf7 Nh7 56. Rd7 Bc5 57. Rf7 g5 58. hxg5 Nxg5 59. Rf5 Nh7 60. Kc2 Kg7 61. Kb3 Nf6 62. Rg5+ Kf8 63. Kc4 Ke7 64. Rg7+ Kd8 65. Bc6 Nh5 66. Rb7 Nf4 67. b6 Ne6 68. Rb8+ Ke7 69. Re8+ Kf7 70. b7 1-0

[Event "GER-chT Seniors 24th"]
[Site "Berlin"]
[Date "2015.09.09"]
[Round "4.3"]
[White "Nuenchert, Eveline"]
[Black "Seyfried, Claus"]
[Result "1/2-1/2"]
[WhiteElo "2054"]
[BlackElo "2159"]
[PlyCount "35"]
[EventDate "2015.09.06"]
[EventType "team-swiss"]
[EventRounds "7"]
[EventCountry "GER"]
[SourceTitle "EXT 2018"]
[Source "ChessBase"]
[SourceDate "2017.10.13"]
[SourceVersion "1"]
[SourceVersionDate "2017.10.13"]
[SourceQuality "1"]

1. e4 e6 2. d3 d5 3. Nd2 c5 4. Ngf3 Nc6 5. g3 Bd6 6. Bg2 Nge7 7. 0-0 0-0 8. Re1 Qc7 9. c3 Bd7 10. Qe2 f6 11. Nf1 b5 12. N3d2 Rae8 13. f4 Qb6 14. Kh1 Kh8 15. Nf3 c4 16. Be3 cxd3 17. Qxd3 Bc5 18. Bxc5 1/2-1/2

[Event "Miedzyzdroje OB Seniors 23rd"]
[Site "Miedzyzdroje"]
[Date "2015.06.21"]
[Round "5"]
[White "Nuenchert, Eveline"]
[Black "Scheide, Helmut"]
[Result "1/2-1/2"]
[WhiteElo "2071"]
[BlackElo "1949"]
[PlyCount "24"]
[EventDate "2015.06.17"]
[EventType "swiss"]
[EventRounds "8"]
[EventCountry "POL"]
[SourceTitle "EXT 2018"]
[Source "ChessBase"]
[SourceDate "2017.10.13"]
[SourceVersion "1"]
[SourceVersionDate "2017.10.13"]
[SourceQuality "1"]

1. e4 e5 2. Nf3 Nc6 3. Bb5 a6 4. Ba4 Nf6 5. 0-0 Be7 6. d3 b5 7. Bb3 d6 8. c3 Na5 9. Bc2 c5 10. Re1 0-0 11. Nbd2 Nc6 12. Nf1 Bg4 1/2-1/2

[Event "Miedzyzdroje OB Seniors 23rd"]
[Site "Miedzyzdroje"]
[Date "2015.06.17"]
[Round "1"]
[White "Nuenchert, Eveline"]
[Black "Berger, Volkmar"]
[Result "1-0"]
[WhiteElo "2071"]
[BlackElo "1773"]
[PlyCount "49"]
[EventDate "2015.06.17"]
[EventType "swiss"]
[EventRounds "8"]
[EventCountry "POL"]
[SourceTitle "EXT 2018"]
[Source "ChessBase"]
[SourceDate "2017.10.13"]
[SourceVersion "1"]
[SourceVersionDate "2017.10.13"]
[SourceQuality "1"]

1. e4 c5 2. Nf3 d6 3. d4 cxd4 4. Qxd4 Nc6 5. Bb5 Bd7 6. Bxc6 Bxc6 7. Nc3 e6 8. Be3 Nf6 9. 0-0-0 h6 10. e5 Nd5 11. Ne4 Qa5 12. Nxd6+ Bxd6 13. exd6 Nf6 14. Kb1 Qa4 15. c4 Be4+ 16. Ka1 Bc2 17. Rc1 Bb3 18. a3 0-0 19. Nd2 b5 20. Nxb3 Qxb3 21. Rc3 Qa4 22. Bxh6 b4 23. Rg3 bxa3 24. b3 Qxb3 25. Rxb3 1-0

[Event "GER-chT Seniors 23rd"]
[Site "Bergen"]
[Date "2014.09.01"]
[Round "1.3"]
[White "Gerigk, Wolf"]
[Black "Nuenchert, Eveline"]
[Result "1-0"]
[WhiteElo "2068"]
[BlackElo "2090"]
[PlyCount "89"]
[EventDate "2014.09.01"]
[EventType "team-swiss"]
[EventRounds "7"]
[EventCountry "GER"]
[SourceTitle "EXT 2018"]
[Source "ChessBase"]
[SourceDate "2017.10.13"]
[SourceVersion "1"]
[SourceVersionDate "2017.10.13"]
[SourceQuality "1"]

1. d4 Nf6 2. c4 d6 3. Nc3 Nbd7 4. e4 e5 5. d5 Be7 6. g3 c5 7. Bg2 a6 8. Nf3 0-0 9. 0-0 b5 10. Qe2 Rb8 11. Nd1 Ne8 12. Ne3 g6 13. a4 bxc4 14. Nxc4 Ng7 15. Ne1 a5 16. Nc2 Ba6 17. N2a3 Rb4 18. Bd2 Rxb2 19. Qd1 Rb8 20. Re1 Qc7 21. Nxa5 Ra8 22. Nc6 Nb8 23. Nb5 Qd7 24. Nxe7+ Qxe7 25. f4 Nd7 26. f5 Rfb8 27. Bf1 Nb6 28. f6 Qxf6 29. Nc7 Bxf1 30. Nxa8 Bh3 31. Nxb6 Rxb6 32. a5 Ra6 33. Qe2 Ra8 34. a6 Qd8 35. Reb1 Qc8 36. Rb7 c4 37. Qf2 f5 38. Qb6 Ne8 39. Qc6 fxe4 40. Bh6 c3 41. a7 Qd8 42. Qxc3 Rc8 43. Qxc8 Qxc8 44. a8Q Qc5+ 45. Kh1 1-0

[Event "GER-chA Seniors 26th"]
[Site "Bad Neuenahr"]
[Date "2014.08.06"]
[Round "2"]
[White "Nuenchert, Eveline"]
[Black "Neumeyer, Hannelore"]
[Result "1/2-1/2"]
[WhiteElo "2111"]
[BlackElo "1988"]
[PlyCount "128"]
[EventDate "2014.08.05"]
[EventType "swiss"]
[EventRounds "9"]
[EventCountry "GER"]
[SourceTitle "EXT 2018"]
[Source "ChessBase"]
[SourceDate "2017.10.13"]
[SourceVersion "1"]
[SourceVersionDate "2017.10.13"]
[SourceQuality "1"]

1. e4 c6 2. d4 d5 3. Nc3 dxe4 4. Nxe4 Nf6 5. Nxf6+ exf6 6. Nf3 Bd6 7. Be3 0-0 8. Qd2 a5 9. g3 Be6 10. Bg2 Qd7 11. 0-0 Na6 12. a3 a4 13. Rac1 Bc4 14. Rfd1 Nc7 15. Bf4 Bxf4 16. Qxf4 Nd5 17. Qh4 Be2 18. Rd2 Bxf3 19. Bxf3 f5 20. Re1 Nf6 21. Qf4 Rfe8 22. Re5 g6 23. c3 Re6 24. d5 cxd5 25. Bxd5 Nxd5 26. Rdxd5 Qc6 27. Rxe6 Qxd5 28. Re7 Kf8 29. Qe5 Qb3 30. Rd7 Kg8 31. Qd5 Qxd5 32. Rxd5 Kf8 33. Rb5 Ra7 34. f4 Ke7 35. Kf2 Kd6 36. Ke3 Kc6 37. c4 b6 38. Re5 Rd7 39. Re8 Kb7 40. Ke2 Ka7 41. Re3 Kb7 42. Rd3 Rc7 43. Rd4 Kc6 44. Kd3 Re7 45. Rd8 Ra7 46. Kc3 b5 47. Rc8+ Kd7 48. Rc5 bxc4 49. Rxc4 f6 50. b4 axb3 51. Kxb3 Kd6 52. a4 g5 53. Rb4 Kd5 54. Kc3 g4 55. Kd3 h5 56. Rb5+ Ke6 57. a5 Rd7+ 58. Ke2 Rc7 59. Rb6+ Kf7 60. Rb2 Ra7 61. Ra2 Ke6 62. Ke3 Kd5 63. Kd3 Kc5 64. Kc3 Ra6 1/2-1/2